00976nam a2200253 a 450000100060000000300080000600500170001400800410003103500190007204000270009104100080011808200260012610000280015224500680018026000700024830000210031850000640033950401000040365000270050365000320053065000440056271000620060671000540066853364BD-RjUL20211209075941.0161005s2000 fr f000 0 fre  a(BD-RjUL)53484 aDLCcDLCdBD-RjULbeng aeng00223a842.092bTHT 20001 aThibaudat, Jean-Pierre.10aThéâtre français contemporain /c[Jean-Pierre Thibaudat]. aParis :bMinistère des affaires étrangères ;bADPF,c2000. a160 p. ;c25 cm. aPublished on the occasion of an exhibition on the theater. a"Tentative d'inventaire pour une bibliothèque idéale du théâtre français": p. 28-108. 0aTheatervBibliography. 0aFrench dramavBibliography. 0aTheaterzFrancexHistoryy20th century.2 aAssociation pour la diffusion de la pensée française.1 aFrance.bMinistère des affaires étrangères.